[Event "UT Dallas Fall Open 2017"]
[Site "Dallas USA"]
[Date "2017.11.19"]
[Round "5.7"]
[White "Gareyev, Timur"]
[Black "Hernandez Carmenate, Holden"]
[Result "1-0"]
[WhiteTitle "GM"]
[BlackTitle "GM"]
[WhiteElo "2615"]
[BlackElo "2462"]
[WhiteFideId "14200937"]
[BlackFideId "3504387"]
[EventDate "2017.11.17"]

1. d4 Nf6 2. Bg5 d5 3. Nd2 c6 4. Ngf3 Bf5 5. Nh4 Bg6 6. c3 e6 7. Qb3 Qb6 8. Bf4
c5 9. Nxg6 hxg6 10. e3 Nc6 11. h3 Qxb3 12. axb3 Kd7 13. Nf3 cxd4 14. exd4 Bd6
15. Bxd6 Kxd6 16. b4 a6 17. Bd3 Nd7 18. O-O e5 19. dxe5+ Ndxe5 20. Be2 Nxf3+ 21.
Bxf3 Ne5 22. Be2 Rad8 23. Rfd1 Ke6 24. Ra5 Rd6 25. b5 axb5 26. Rxb5 Rb8 27. f4
Nc6 28. c4 Ne7 29. cxd5+ Kd7 30. Bg4+ Kc7 31. Rc1+ Kd8 32. Kf2 b6 33. Ra1 Kc7
34. Bf3 Rd7 35. g4 Kd6 36. Ra6 Nc8 37. Ra3 Ra7 38. Rc3 Ne7 39. Re3 Ra5 40. Rb4
Rc5 41. Kg3 b5 42. Ra3 Rb6 43. Re4 Rc7 44. Ra8 Rd7 45. b4 Kc7 46. Re1 Kd6 47.
Rf8 Ra6 48. Rxf7 1-0

[Event "UT Dallas Fall Open 2017"]
[Site "Dallas USA"]
[Date "2017.11.19"]
[Round "5.8"]
[White "Matsenko, Sergei"]
[Black "Javakhadze, Zurab"]
[Result "0-1"]
[WhiteTitle "IM"]
[BlackTitle "IM"]
[WhiteElo "2550"]
[BlackElo "2452"]
[WhiteFideId "4170083"]
[BlackFideId "13603647"]
[EventDate "2017.11.17"]

1. Nf3 Nf6 2. c4 e6 3. g3 d5 4. Bg2 dxc4 5. O-O Be7 6. Na3 c5 7. Nxc4 Nc6 8. b3
O-O 9. Bb2 Nd5 10. d4 b5 11. Nce5 Nxe5 12. Nxe5 Bb7 13. dxc5 Bxc5 14. Rc1 Rc8
15. Qd3 a6 16. Be4 h6 17. Rxc5 Rxc5 18. Qd4 Rc7 19. Nd7 Nf6 20. Nxf6+ Qxf6 21.
Qxf6 gxf6 22. Bxb7 Rxb7 23. Bxf6 Rd7 24. Rc1 Rd2 25. a4 Rxe2 26. axb5 axb5 27.
Rc5 Rb8 28. h4 Kh7 29. h5 Rd2 30. Rc7 Kg8 31. b4 Rd1+ 32. Kg2 Rb1 33. Be7 Kg7
34. g4 Rb3 35. Rd7 e5 36. Bd6 Re8 37. Rb7 Re6 38. Bc5 Rf6 39. Rxb5 Rf4 40. Bd6
Rxg4+ 41. Kf1 Rb1+ 42. Ke2 Re4+ 43. Kf3 Rbe1 44. Rb6 Rf4+ 45. Kg2 Rg4+ 46. Kf3
f5 47. Rb7+ Kf6 48. Bxe5+ Rxe5 0-1

[Event "UT Dallas Fall Open 2017"]
[Site "Dallas USA"]
[Date "2017.11.19"]
[Round "5.9"]
[White "Shtembuliak, Evgeny"]
[Black "Gorovets, Andrey"]
[Result "1/2-1/2"]
[WhiteTitle "IM"]
[BlackTitle "IM"]
[WhiteElo "2490"]
[BlackElo "2529"]
[WhiteFideId "14113325"]
[BlackFideId "13504037"]
[EventDate "2017.11.17"]

1. c4 e5 2. Nc3 Bb4 3. Nd5 Bc5 4. Nf3 c6 5. Nc3 d6 6. e3 Bb4 7. Qc2 Nf6 8. a3
Ba5 9. b4 Bc7 10. Bb2 O-O 11. Be2 Nbd7 12. d4 Re8 13. h3 a5 14. b5 Qe7 15. g4 h6
16. Rg1 Nf8 17. Na4 e4 18. Nd2 cxb5 19. cxb5 d5 20. O-O-O b6 21. Kb1 Ng6 22. Rc1
Bd8 23. g5 hxg5 24. Rxg5 Bxh3 25. Rh1 Rc8 26. Qd1 Qd7 27. Ka1 Bf5 28. Nb1 Be6
29. Nbc3 Nh7 30. Rgh5 Nf6 31. Rg5 Nh7 32. Rgh5 Nf6 1/2-1/2

[Event "UT Dallas Fall Open 2017"]
[Site "Dallas USA"]
[Date "2017.11.19"]
[Round "5.10"]
[White "Patel, Advait"]
[Black "Perelshteyn, Eugene"]
[Result "1-0"]
[WhiteTitle "IM"]
[BlackTitle "GM"]
[WhiteElo "2449"]
[BlackElo "2523"]
[WhiteFideId "2075105"]
[BlackFideId "2012529"]
[EventDate "2017.11.17"]

1. e4 c5 2. Nf3 g6 3. d4 cxd4 4. Nxd4 Nc6 5. c4 Nf6 6. Nc3 d6 7. Nc2 Bg7 8. Be2
O-O 9. O-O Nd7 10. Bd2 a5 11. Re1 Nc5 12. Bf1 a4 13. Rb1 f5 14. exf5 Bxf5 15.
Nd5 e6 16. Nde3 Bd3 17. Bc3 Bxc3 18. bxc3 Ne5 19. Bxd3 Ncxd3 20. Rf1 Qg5 21. Rb5
Qf4 22. Qe2 Nc5 23. f3 g5 24. Nd4 Qf6 25. Rbb1 Qg6 26. Rbd1 Ned3 27. Qc2 e5 28.
Nb5 Rf7 29. Ng4 Rf4 30. g3 Rf7 31. Qe2 Raf8 32. Na3 h5 33. Ne3 e4 34. Nd5 Re8
35. Nb5 Kg7 36. fxe4 Rxe4 37. Qd2 Rxf1+ 38. Rxf1 Re5 39. Rf6 Qe8 40. Rf1 Qe6 41.
Nd4 Qg4 42. Ne3 Qe4 43. Nef5+ Kg6 44. h4 Qg4 45. Kh2 a3 46. Kh1 Qh3+ 47. Kg1 Qg4
48. Kh2 Re4 49. Ne3 Qd7 50. Nd5 Qg4 51. Nf6 Rxd4 52. cxd4 1-0

[Event "UT Dallas Fall Open 2017"]
[Site "Dallas USA"]
[Date "2017.11.19"]
[Round "5.11"]
[White "Stremavicius, Titas"]
[Black "Sevian, Samuel"]
[Result "0-1"]
[WhiteTitle "IM"]
[BlackTitle "GM"]
[WhiteElo "2422"]
[BlackElo "2615"]
[WhiteFideId "12804444"]
[BlackFideId "2040506"]
[EventDate "2017.11.17"]

1. d4 Nf6 2. Nf3 c5 3. c4 cxd4 4. Nxd4 e5 5. Nb3 a5 6. Bg5 Qb6 7. Bxf6 Qxf6 8.
Nc3 Bb4 9. Rc1 b6 10. a3 Bxc3+ 11. Rxc3 Bb7 12. Rg1 Na6 13. g4 a4 14. Nd2 Nc5
15. Bg2 Bxg2 16. Rxg2 O-O 17. Qc2 Qc6 18. f3 Rad8 19. Ne4 Nb3 20. Qd3 Nd4 21.
Kf2 f5 22. gxf5 Rxf5 23. Ke1 Rdf8 24. Kd1 Rxf3 25. exf3 Rxf3 26. Qxf3 Nxf3 27.
Nd2 Nd4 28. Rg1 Qh6 29. Rcg3 Qh5+ 30. Rg4 g6 31. h4 Qf5 32. Re4 Qh3 33. Rgg4 Qd3
34. Rxd4 g5 35. Rge4 exd4 36. Rg4 h6 37. Kc1 Kg7 38. hxg5 h5 39. Rf4 Kg6 40. Re4
Qg3 41. Kc2 h4 42. Rxd4 h3 43. Ne4 Qg2+ 44. Kd3 Qf3+ 0-1

[Event "UT Dallas Fall Open 2017"]
[Site "Dallas USA"]
[Date "2017.11.19"]
[Round "5.12"]
[White "Premkumar, Hiren"]
[Black "Ider, Borya"]
[Result "0-1"]
[BlackTitle "IM"]
[WhiteElo "2048"]
[BlackElo "2515"]
[WhiteFideId "2065584"]
[BlackFideId "4901134"]
[EventDate "2017.11.17"]

1. d4 Nf6 2. c4 e5 3. dxe5 Ng4 4. Nf3 Bc5 5. e3 Nc6 6. Be2 O-O 7. Nc3 Ngxe5 8.
Nd2 Re8 9. Nde4 Bf8 10. b3 d6 11. Bb2 Qh4 12. O-O Re6 13. g3 Qd8 14. f4 Nd7 15.
Qd2 Re8 16. Rfe1 Ne7 17. Bf3 Rb8 18. Nf2 b6 19. Rad1 Bb7 20. Bxb7 Rxb7 21. e4
Qa8 22. e5 Nc5 23. Nce4 Nxe4 24. Nxe4 dxe5 25. fxe5 Ng6 26. Ng5 Bc5+ 27. Kg2 h6
28. e6 Rbb8+ 29. Kh3 f6 30. Nf7 Qf3 31. Nxh6+ gxh6 32. Qxh6 Qf5+ 33. Kg2 Bf8 34.
Qe3 Bg7 35. e7 Rxe7 36. Qd4 c5 37. Qd6 Rbe8 38. Rxe7 Rxe7 39. Qd8+ Kh7 40. Rd2
Qe4+ 41. Kh3 Nf4+ 42. gxf4 Qf3+ 43. Kh4 Qxf4+ 44. Kh5 Qf3+ 0-1

[Event "UT Dallas Fall Open 2017"]
[Site "Dallas USA"]
[Date "2017.11.19"]
[Round "5.13"]
[White "Brown, Michael William"]
[Black "Wheeler, Cameron"]
[Result "1-0"]
[WhiteTitle "IM"]
[BlackTitle "IM"]
[WhiteElo "2514"]
[BlackElo "2391"]
[WhiteFideId "2037602"]
[BlackFideId "2060531"]
[EventDate "2017.11.17"]

1. d4 d5 2. c4 c6 3. e3 Nf6 4. Nc3 a6 5. Nf3 b5 6. b3 Bg4 7. h3 Bxf3 8. gxf3
Nbd7 9. f4 e6 10. c5 Ne4 11. Nxe4 dxe4 12. Bg2 f5 13. f3 Nf6 14. fxe4 fxe4 15.
Rg1 Qd5 16. Bd2 g5 17. fxg5 Qxg5 18. Qe2 Rg8 19. O-O-O O-O-O 20. Bxe4 Qxg1 21.
Rxg1 Rxg1+ 22. Kc2 Nxe4 23. Qf3 Kd7 24. Qxe4 Be7 25. Qxh7 Rf8 26. e4 Rf2 27. d5
exd5 28. exd5 Rgg2 29. dxc6+ Kxc6 30. Qxe7 Rxd2+ 31. Kc3 b4+ 32. Kxb4 Rd4+ 33.
Kc3 Rgd2 34. Qe3 Kd5 1-0

[Event "UT Dallas Fall Open 2017"]
[Site "Dallas USA"]
[Date "2017.11.19"]
[Round "5.14"]
[White "Kaliksteyn, Alexander"]
[Black "Ghatti, Sanjay"]
[Result "1/2-1/2"]
[WhiteTitle "FM"]
[BlackTitle "FM"]
[WhiteElo "2425"]
[BlackElo "2178"]
[WhiteFideId "2007630"]
[BlackFideId "2076438"]
[EventDate "2017.11.17"]

1. d4 Nf6 2. Nf3 d5 3. c3 e6 4. Bf4 Bd6 5. Bg3 c5 6. e3 O-O 7. Nbd2 b6 8. Ne5
Qc7 9. f4 Ba6 10. Bxa6 Nxa6 11. O-O Nb8 12. Qf3 1/2-1/2

[Event "UT Dallas Fall Open 2017"]
[Site "Dallas USA"]
[Date "2017.11.19"]
[Round "5.15"]
[White "Guo, Arthur"]
[Black "Kadric, Denis"]
[Result "0-1"]
[WhiteTitle "FM"]
[BlackTitle "GM"]
[WhiteElo "2219"]
[BlackElo "2505"]
[WhiteFideId "30903114"]
[BlackFideId "14403803"]
[EventDate "2017.11.17"]

1. b3 e5 2. Bb2 Nc6 3. e3 d5 4. Bb5 Bd6 5. Ne2 Ne7 6. c4 O-O 7. cxd5 Nxd5 8. O-O
Bd7 9. e4 Nf6 10. d3 Qe7 11. Nd2 Rfd8 12. Nc4 Nb8 13. Bxd7 Rxd7 14. Ng3 Nc6 15.
Nf5 Qe6 16. Ncxd6 cxd6 17. Qe2 d5 18. Rfd1 Rad8 19. f3 Nh5 20. g3 Nf6 21. Rac1
Nb4 22. Ba3 dxe4 23. dxe4 Nd3 24. Rb1 Qa6 25. Be7 Nc1 26. Qxa6 Rxd1+ 27. Qf1
Rxf1+ 28. Kxf1 Rd1+ 29. Kg2 Rd2+ 30. Kh3 Nd3 31. Nh6+ gxh6 32. Bxf6 h5 33. Kh4
Rxh2+ 34. Kg5 Rg2 35. g4 hxg4 36. fxg4 h6+ 37. Kxh6 Rxg4 38. Bg5 Rxe4 39. Rd1
Re1 40. Rxd3 Rh1+ 41. Bh4 Rxh4+ 42. Kg5 Rd4 43. Re3 Rd6 44. Kf5 Re6 45. Ke4 Kg7
46. Rf3 f6 47. Rh3 Rd6 48. Kf5 Rd2 49. Ke6 Rf2 50. a4 e4 51. Kd5 f5 52. Ke5 Rf3
53. Rh1 e3 54. Kd4 0-1

[Event "UT Dallas Fall Open 2017"]
[Site "Dallas USA"]
[Date "2017.11.19"]
[Round "5.16"]
[White "Sarkar, Justin"]
[Black "Raznikov, Danny"]
[Result "0-1"]
[WhiteTitle "IM"]
[BlackTitle "GM"]
[WhiteElo "2354"]
[BlackElo "2488"]
[WhiteFideId "2010011"]
[BlackFideId "2811154"]
[EventDate "2017.11.17"]

1. d4 Nf6 2. c4 e6 3. Nf3 Bb4+ 4. Nbd2 b6 5. a3 Bxd2+ 6. Qxd2 Bb7 7. e3 d6 8.
Be2 O-O 9. O-O Ne4 10. Qc2 f5 11. b4 Nd7 12. d5 e5 13. Ne1 Kh8 14. f3 Nef6 15.
e4 fxe4 16. fxe4 a5 17. Rb1 axb4 18. axb4 c6 19. dxc6 Bxc6 20. Bd3 b5 21. c5
dxc5 22. bxc5 Qe7 23. Be3 Ng4 24. Rxf8+ Rxf8 25. Qe2 Nxe3 26. Qxe3 Qxc5 27. Qxc5
Nxc5 28. Bxb5 Nxe4 29. Nf3 Nc3 30. Rc1 Bxb5 31. Rxc3 e4 32. Nd2 Bd3 33. g3 g6
34. Rc7 e3 35. Rc3 e2 36. Rc1 Kg7 37. Kg2 h5 0-1

[Event "UT Dallas Fall Open 2017"]
[Site "Dallas USA"]
[Date "2017.11.19"]
[Round "5.17"]
[White "Drozdowski, Kacper"]
[Black "Kambrath, Yannick"]
[Result "1/2-1/2"]
[WhiteTitle "IM"]
[BlackTitle "FM"]
[WhiteElo "2467"]
[BlackElo "2332"]
[WhiteFideId "1136720"]
[BlackFideId "20632525"]
[EventDate "2017.11.17"]

1. e4 c5 2. Nf3 d6 3. d4 cxd4 4. Qxd4 a6 5. c4 Nc6 6. Qe3 g6 7. h3 Bg7 8. Nc3
Nf6 9. Be2 O-O 10. O-O Nd7 11. b3 Rb8 12. Rb1 Nde5 13. Bb2 Nxf3+ 14. Bxf3 b5 15.
cxb5 axb5 16. Nd5 Bxb2 17. Rxb2 e5 18. Rd1 Be6 19. Nc3 Qe7 20. Be2 Nd4 21. Bd3
Rfd8 22. Ne2 Nc6 23. Rbd2 Rd7 24. Bb1 Qd8 25. Kh2 Rbb7 26. Rc1 Ne7 27. f4 exf4
28. Nxf4 Rbc7 29. Rxc7 Qxc7 30. Bd3 Qc3 31. Rc2 Qe5 32. Qg3 Rb7 33. Nxe6 Qxe6
34. Qg5 Kg7 35. Rc1 h6 36. Qf4 g5 37. Qg3 Ng6 38. Be2 Nf4 39. Bf3 Qe5 40. Rc2
Ra7 41. Rd2 Rc7 42. Qf2 Nd3+ 43. Qg3 1/2-1/2

[Event "UT Dallas Fall Open 2017"]
[Site "Dallas USA"]
[Date "2017.11.19"]
[Round "5.18"]
[White "Vazquez, Guillermo"]
[Black "Tsay, Vincent"]
[Result "1-0"]
[WhiteTitle "IM"]
[BlackTitle "FM"]
[WhiteElo "2427"]
[BlackElo "2221"]
[WhiteFideId "3702308"]
[BlackFideId "30931835"]
[EventDate "2017.11.17"]

1. c4 e6 2. g3 d5 3. Bg2 dxc4 4. Qa4+ Nd7 5. Qxc4 a6 6. Qc2 Rb8 7. Nf3 b5 8. a4
b4 9. O-O Bb7 10. d3 Ngf6 11. Nbd2 Be7 12. Nc4 c5 13. a5 O-O 14. Rd1 Rc8 15. b3
Nd5 16. Bb2 Qc7 17. Nfe5 Nb8 18. d4 Rcd8 19. Rac1 Nf6 20. Bxb7 Qxb7 21. Nb6 cxd4
22. Bxd4 Nd5 23. Qe4 Bf6 24. Bc5 Rfe8 25. Nd3 Nc6 26. Nxb4 Nxa5 27. N4xd5 exd5
28. Qa4 Nc6 29. Nxd5 Bb2 30. Rc2 Be5 31. Bb6 Rc8 32. Rdc1 Rcd8 33. Bxd8 1-0

[Event "UT Dallas Fall Open 2017"]
[Site "Dallas USA"]
[Date "2017.11.19"]
[Round "5.20"]
[White "Kung, Thomas"]
[Black "Rahul, Srivatshav P"]
[Result "0-1"]
[WhiteElo "2150"]
[BlackElo "2375"]
[WhiteFideId "30914272"]
[BlackFideId "25059653"]
[EventDate "2017.11.17"]

1. e4 e6 2. d4 d5 3. Nd2 Be7 4. Ngf3 Nf6 5. e5 Nfd7 6. Bd3 c5 7. c3 Nc6 8. O-O
g5 9. dxc5 g4 10. Nd4 Ndxe5 11. Bb5 Bd7 12. N2b3 h5 13. f4 gxf3 14. Nxf3 Nxf3+
15. Qxf3 Ne5 16. Qe2 Bxb5 17. Qxb5+ Qd7 18. Qe2 Nc6 19. Be3 f6 20. Rad1 e5 21.
Rd3 e4 22. Rd2 O-O-O 23. Rfd1 Qe6 24. Qb5 Rd7 25. c4 Rhd8 26. Nd4 Nxd4 27. Rxd4
a6 28. cxd5 axb5 29. dxe6 Rxd4 30. Rxd4 Rxd4 31. Bxd4 Kc7 32. Kf2 Kc6 33. Kg3
Kd5 34. Be3 f5 35. Kf4 Kxe6 36. h3 Bd8 37. g4 hxg4 38. hxg4 Bc7+ 39. Kg5 fxg4
40. Kxg4 Be5 41. b3 Kd5 42. a4 b4 43. Kf5 Bd4 44. Kf4 Bg7 45. Kf5 Be5 46. Kg4
Bf6 47. Kf5 Be5 48. Kg4 Ke6 49. Kg5 Bc7 50. Bf2 Be5 51. Be3 Kd5 52. Kf5 Bb2 53.
Kf4 Bd4 54. Bxd4 Kxd4 55. a5 e3 56. a6 bxa6 57. c6 e2 58. c7 e1=Q 59. c8=Q Qe4+
60. Kg5 Qd5+ 61. Kf4 a5 62. Qc2 Qe5+ 63. Kf3 Qe3+ 0-1

[Event "UT Dallas Fall Open 2017"]
[Site "Dallas USA"]
[Date "2017.11.19"]
[Round "5.21"]
[White "Kavutskiy, Konstantin"]
[Black "Polavaram, Rithik"]
[Result "1-0"]
[WhiteTitle "IM"]
[WhiteElo "2396"]
[BlackElo "1957"]
[WhiteFideId "2026384"]
[BlackFideId "2081997"]
[EventDate "2017.11.17"]

1. d4 Nf6 2. c4 e6 3. Nf3 c5 4. d5 b5 5. e4 bxc4 6. Nc3 d6 7. dxe6 Bxe6 8. Ng5
Qd7 9. Be2 Be7 10. O-O O-O 11. Nxe6 Qxe6 12. Qa4 Nbd7 13. Qxc4 Qxc4 14. Bxc4 Nb6
15. Be2 Rfe8 16. a4 Bf8 17. Bg5 a5 18. Rfd1 Rab8 19. f3 h6 20. Bf4 Red8 21. Nb5
Ne8 22. b3 g5 23. Bg3 Rbc8 24. Rac1 Ra8 25. Rc2 Be7 26. Rcd2 Rd7 27. Nxd6 Bxd6
28. Bxd6 Rad8 29. e5 Nxd6 30. exd6 Nc8 31. Rc1 Nxd6 32. Rcd1 Re7 33. Bc4 Red7
34. Bb5 Nxb5 35. Rxd7 Rxd7 36. Rxd7 Nd4 37. Rb7 Kg7 38. Rb6 f6 39. Kf2 Kf7 40.
Ke3 Ke7 41. Kd3 Kd7 42. Kc4 Ne6 43. Rxe6 Kxe6 44. Kxc5 Kf5 45. b4 axb4 46. Kxb4
Kf4 47. a5 Ke3 48. a6 Kf2 49. a7 Kxg2 50. a8=Q Kxh2 51. Qc6 h5 52. Qxf6 h4 53.
Kc3 h3 54. Kd3 Kg1 55. Ke2 Kh1 56. Kf2 g4 57. Qa1+ Kh2 58. Qg1# 1-0

[Event "UT Dallas Fall Open 2017"]
[Site "Dallas USA"]
[Date "2017.11.19"]
[Round "5.22"]
[White "Yim, Sung Ho"]
[Black "Thavandiran, Shiyam"]
[Result "0-1"]
[BlackTitle "FM"]
[WhiteElo "2275"]
[BlackElo "2389"]
[WhiteFideId "2062020"]
[BlackFideId "2605058"]
[EventDate "2017.11.17"]

1. d4 Nf6 2. c4 c5 3. d5 e6 4. Nc3 exd5 5. cxd5 d6 6. Nf3 g6 7. Bf4 a6 8. a4 Bg7
9. h3 O-O 10. e3 Qe7 11. Be2 Nbd7 12. O-O Ne8 13. Re1 f5 14. Nd2 Ne5 15. Bh2 Rb8
16. Bf1 Bd7 17. a5 Nc7 18. f4 Nf7 19. Nc4 Bb5 20. Qd3 Bxc4 21. Qxc4 b5 22. Qd3
c4 23. Qd2 Rbe8 24. Rad1 Nd8 25. e4 Bxc3 26. Qxc3 fxe4 27. b3 cxb3 28. Qxb3 Nb7
29. Rc1 Nc5 30. Qd1 Rd8 31. Bd3 Nxd3 32. Qxd3 exd3 33. Rxe7 Nxd5 34. Ra7 Rf7 35.
Rxf7 Kxf7 36. Rd1 Nc3 37. Rxd3 b4 38. Bg3 Ne2+ 39. Kf2 Nxg3 40. Kxg3 Ke6 41. Kf3
Rb8 42. Ke4 b3 43. Rd1 Rb4+ 44. Kd3 Rxf4 45. Kc3 Rf5 46. Kxb3 Rxa5 0-1

[Event "UT Dallas Fall Open 2017"]
[Site "Dallas USA"]
[Date "2017.11.19"]
[Round "5.23"]
[White "Richard, Emma"]
[Black "Daggupati, Balaji"]
[Result "1-0"]
[WhiteTitle "WFM"]
[BlackTitle "FM"]
[WhiteElo "2080"]
[BlackElo "2358"]
[WhiteFideId "657590"]
[BlackFideId "2090759"]
[EventDate "2017.11.17"]

1. e4 e5 2. Nf3 Nc6 3. Bb5 a6 4. Ba4 Nf6 5. O-O Be7 6. d3 b5 7. Bb3 d6 8. c3 O-O
9. h3 Na5 10. Bc2 c5 11. a4 Bb7 12. Re1 Re8 13. Nbd2 Bf8 14. Nf1 d5 15. Bg5 dxe4
16. dxe4 Qb6 17. b3 h6 18. Bh4 Nh5 19. Ne3 Nf4 20. Bg3 Rad8 21. Qb1 Qc7 22. axb5
axb5 23. Nxe5 Nxb3 24. Ra7 Nd2 25. Qxb5 Qxe5 26. Rxb7 Nxh3+ 27. gxh3 Nf3+ 28.
Kf1 Qxc3 29. Re2 Nd4 30. Qa4 Nxe2 31. Kxe2 Re6 32. Rd7 Rde8 33. Qc4 Qb2 34. Rd2
Qa3 35. Qd3 Qa8 36. e5 Be7 37. Qh7+ 1-0

[Event "UT Dallas Fall Open 2017"]
[Site "Dallas USA"]
[Date "2017.11.19"]
[Round "5.24"]
[White "Williams, Quaitemes"]
[Black "Capocyan, Sam"]
[Result "0-1"]
[WhiteElo "2033"]
[BlackElo "2150"]
[WhiteFideId "2007398"]
[BlackFideId "2067480"]
[EventDate "2017.11.17"]

1. e4 c5 2. Nc3 e6 3. g3 Nc6 4. Bg2 g6 5. d3 Bg7 6. Be3 Nd4 7. Qd2 Ne7 8. Nd1 b6
9. c3 Ndc6 10. Bh6 O-O 11. h4 Bxh6 12. Qxh6 f6 13. Nh3 Ne5 14. Qd2 Ba6 15. c4
Bb7 16. Ne3 Nf5 17. O-O Nxe3 18. Qxe3 Qc7 19. f4 Ng4 20. Qe2 f5 21. Bf3 Nf6 22.
e5 Bxf3 23. Qxf3 Ng4 24. Nf2 Nh6 25. Rad1 d6 26. Rfe1 Rad8 27. b3 Nf7 28. exd6
Qxd6 29. d4 cxd4 30. Nd3 Rfe8 31. Ne5 Nxe5 32. Rxe5 Qa3 33. Rd2 Rd6 34. Kf2 Red8
35. h5 Qc1 36. Qd1 Qxd1 37. Rxd1 gxh5 38. Rd3 Kf7 39. a4 Rg8 40. c5 Rd7 41. b4
bxc5 42. Rxc5 h4 43. b5 Rxg3 44. Rxg3 hxg3+ 45. Kxg3 d3 46. Rc1 d2 47. Rd1 Ke7
48. a5 Kd8 49. Kh4 Kc7 50. Kg5 Rd4 51. Kf6 h5 52. Kxe6 h4 53. Kxf5 h3 54. Ke5
Rd7 55. b6+ axb6 56. axb6+ Kxb6 57. f5 Kc5 58. f6 Kc4 59. Ke6 Rd8 60. Ke7 Rd3
61. f7 Re3+ 62. Kd7 Rf3 63. Rxd2 Rxf7+ 64. Ke6 Rh7 65. Rh2 Kd4 66. Kf5 Ke3 67.
Kg4 Rg7+ 68. Kh4 Kf3 69. Ra2 Rh7+ 70. Kg5 h2 0-1

[Event "UT Dallas Fall Open 2017"]
[Site "Dallas USA"]
[Date "2017.11.20"]
[Round "6.1"]
[White "Li, Ruifeng"]
[Black "Chandra, Akshat"]
[Result "1/2-1/2"]
[WhiteTitle "GM"]
[BlackTitle "GM"]
[WhiteElo "2570"]
[BlackElo "2483"]
[WhiteFideId "2061074"]
[BlackFideId "25006711"]
[EventDate "2017.11.17"]

1. d4 d5 2. Bf4 c5 3. e3 Nc6 4. Nf3 cxd4 5. exd4 Bg4 6. Be2 e6 7. O-O Bd6 8.
Bxd6 Qxd6 9. Nbd2 Nge7 10. c3 O-O 11. Ne1 Bxe2 12. Qxe2 Ng6 13. Nd3 Nf4 14. Nxf4
Qxf4 15. Nb3 Qc7 16. f4 Rae8 17. Rae1 Ne7 18. f5 exf5 19. Rxf5 Nxf5 20. Qxe8 g6
21. Qb5 Rd8 22. Re5 Ne7 23. Nc5 Nc6 24. Re1 b6 25. Nd3 Kg7 26. Ne5 Nxe5 27. Rxe5
Qd6 28. Qe2 h5 29. h4 Kf8 30. Qe3 Kg7 31. a4 Rd7 32. g3 Rd8 33. Kh2 Qc6 34. Qg5
Rd6 35. Re2 Re6 1/2-1/2

[Event "UT Dallas Fall Open 2017"]
[Site "Dallas USA"]
[Date "2017.11.20"]
[Round "6.2"]
[White "Nakar, Eylon"]
[Black "Sheng, Joshua"]
[Result "1-0"]
[WhiteTitle "IM"]
[BlackTitle "IM"]
[WhiteElo "2451"]
[BlackElo "2373"]
[WhiteFideId "2811111"]
[BlackFideId "2057360"]
[EventDate "2017.11.17"]

1. e4 e5 2. Nf3 Nc6 3. Bb5 a6 4. Ba4 Nf6 5. O-O Be7 6. d3 b5 7. Bb3 d6 8. a3 O-O
9. Nc3 Na5 10. Ba2 c5 11. Bg5 Be6 12. Bxf6 Bxf6 13. Nd5 Nc6 14. c3 h6 15. h3 g6
16. b4 Bg7 17. Qd2 Rc8 18. a4 Ne7 19. Nxe7+ Qxe7 20. axb5 axb5 21. Bxe6 Qxe6 22.
Ra5 Qd7 23. Qa2 c4 24. Rd1 Qb7 25. Ra7 Qb8 26. Qa6 d5 27. Rb7 Qa8 28. Qxa8 Rxa8
29. Rxb5 Ra3 30. Rxd5 Rxc3 31. b5 cxd3 32. R1xd3 Rc4 33. Nd2 Rc1+ 34. Kh2 Bf6
35. Rb3 Rb8 36. Nf3 Bd8 37. Nxe5 Bc7 38. g3 Rb7 39. Kg2 Kf8 40. Nd3 1-0

[Event "UT Dallas Fall Open 2017"]
[Site "Dallas USA"]
[Date "2017.11.20"]
[Round "6.3"]
[White "Reshef, Omer"]
[Black "Macieja, Bartlomiej"]
[Result "1/2-1/2"]
[WhiteTitle "IM"]
[BlackTitle "GM"]
[WhiteElo "2453"]
[BlackElo "2533"]
[WhiteFideId "2804336"]
[BlackFideId "1104306"]
[EventDate "2017.11.17"]

1. e4 c6 2. d4 d5 3. e5 Bf5 4. h4 h6 5. g4 Be4 6. f3 Bh7 7. e6 Qd6 8. exf7+ Kxf7
9. f4 Nf6 10. Nf3 Nxg4 11. Bh3 h5 12. Bxg4 hxg4 13. Ne5+ Kg8 14. Qxg4 Qf6 15.
Be3 Bf5 16. Qg3 Bxc2 17. Nc3 Bf5 18. O-O-O Nd7 19. h5 Nxe5 20. fxe5 Qf7 21. Ne2
Rxh5 22. Nf4 Rxh1 23. Rxh1 Bh7 24. Rh5 g6 25. Rh2 Qf5 26. Nh3 g5 27. Nxg5 Bg6
28. Nh3 Qb1+ 29. Kd2 Qd3+ 30. Ke1 Bh6 31. Nf4 Bxf4 32. Qxf4 Qb1+ 33. Kf2 Qf5 34.
Qxf5 Bxf5 35. Bg5 Kf7 36. Ke3 Bb1 37. a3 Rg8 38. Kf4 Ke6 39. Rh6+ Kd7 40. b4 b6
41. Kg4 Be4 42. Rh2 Rf8 43. Rh6 Rg8 44. Rh2 Bf3+ 45. Kf4 Rf8+ 46. Kg3 Be4 47.
Rh6 Bf5 48. Rh2 a6 49. Rh6 a5 50. bxa5 bxa5 51. Bd2 Rg8+ 52. Kf3 Be4+ 53. Kf4
Rf8+ 54. Kg4 Rg8+ 55. Kf4 Rf8+ 56. Kg4 Rg8+ 57. Kf4 Rf8+ 1/2-1/2

[Event "UT Dallas Fall Open 2017"]
[Site "Dallas USA"]
[Date "2017.11.20"]
[Round "6.4"]
[White "Patel, Advait"]
[Black "Gareyev, Timur"]
[Result "1/2-1/2"]
[WhiteTitle "IM"]
[BlackTitle "GM"]
[WhiteElo "2449"]
[BlackElo "2615"]
[WhiteFideId "2075105"]
[BlackFideId "14200937"]
[EventDate "2017.11.17"]

1. e4 e5 2. Nf3 Nc6 3. Bb5 a6 4. Ba4 Nf6 5. O-O Be7 6. d3 b5 7. Bb3 d6 8. a3 O-O
9. Nc3 h6 10. h3 Re8 11. Nd5 Bf8 12. c3 Be6 13. Re1 Na5 14. Ba2 c6 15. Nxf6+
Qxf6 16. b4 Nb7 17. d4 Bxa2 18. Rxa2 exd4 19. cxd4 d5 20. e5 Qe6 21. Bd2 a5 22.
Qc2 Rec8 23. Rb1 Qe8 24. a4 bxa4 25. Rxa4 axb4 26. Rxa8 1/2-1/2

[Event "UT Dallas Fall Open 2017"]
[Site "Dallas USA"]
[Date "2017.11.20"]
[Round "6.5"]
[White "Javakhadze, Zurab"]
[Black "Popilski, Gil"]
[Result "1/2-1/2"]
[WhiteTitle "IM"]
[BlackTitle "GM"]
[WhiteElo "2452"]
[BlackElo "2502"]
[WhiteFideId "13603647"]
[BlackFideId "2809060"]
[EventDate "2017.11.17"]

1. Nf3 Nf6 2. c4 c5 3. Nc3 b6 4. g3 Bb7 5. Bg2 g6 6. b3 Bg7 7. Bb2 O-O 8. O-O
Nc6 9. d4 Nxd4 10. Nxd4 Bxg2 11. Kxg2 cxd4 12. Qxd4 d6 13. Rfd1 Qd7 14. Nd5 Qb7
15. Kg1 Rfd8 16. Qd2 Nxd5 17. Bxg7 Kxg7 18. Qxd5 Qxd5 19. Rxd5 Rac8 20. Rad1 Rd7
21. f4 1/2-1/2